000
00305nam a2200133Ia 4500
003
OSt
005
20231123055438.0
008
170524s9999 xx 000 0 und d
020
_a
978-81-317-6029-1
040
_c
IIMT
100
_a
ITC
245
0
_a
INTRODUCTION TO INFORMATION TECHNOLOGY
942
_2
ddc
_c
02
999
_c
4543
_d
4543